Statistiques concernant Trouver les intrus en 60 secondes #14

Cliquez ici pour prendre le quiz!

Statistiques générales

  • Ce quiz a été pris 226 fois
  • Le résultat moyen est 2 sur 6

Statistiques - réponses

Réponse% Correct
Capitales de pays frontaliers
100%
Pékin - Séoul
38%
Bangkok - Dacca
33%
Montevideo - Santiago
30%
Kiev - Sofia
27%
Alger - N'Djamena
18%

Distribution des résultats

Percentile par nombre de réponses

% des personnes avec chaque résultat

Votre développement - résultats

Vous n’avez pas pris ce quiz